| 000 | 00836nam0a22002531 4500 | ||
|---|---|---|---|
| 001 | rc\2771643 | ||
| 005 | 20250806205948.0 | ||
| 035 | _a(NLR Aleph) 006898009 | ||
| 090 |
_a27363 _c27363 |
||
| 100 | _a20110915d1941 u y0rusy50 ca | ||
| 101 | 0 | _arus | |
| 102 | _aRU | ||
| 105 | _aa z ||||| | ||
| 200 | 1 |
_aМаскировка бойца зимой _fВоенинж. 2-го ранга И. А. Иконников |
|
| 210 |
_aМосква _cВоениздат _d1941 _eЛенинград |
||
| 215 |
_a40 с. _cил., схем. _d20 см. |
||
| 700 | 1 |
_aИконников _bИ.А. _gИван Александрович |
|
| 801 | 0 |
_aRU _bNLR _gpsbo |
|
| 801 | 1 |
_aRU _bELAR _2rusmarc |
|
| 852 |
_aNLR _jВ40 Г-4/9 |
||
| 942 | _cBOOK | ||
| 945 | _aРоссийская национальная библиотека | ||
| 980 | _aNB | ||
| 980 | _aBV | ||